000 04044cam a22019575a 4500
020 _a0495411302
100 1 _aDas, Braja M.
_923492
245 1 0 _aPrinciples of geotechnical engineering /
_cBraja M. Das.
250 _a7th Ed.
260 _aNew Delhi :
_bCengage Learning,
_c2014.
300 _a xvi, 666 p. :
_bill.
_c24 cm.
526 _a0
_b0
_c0
526 _a0
_b0
_c0
526 _a0
_b0
_c0
526 _a0
_b0
_c0
526 _a0
_b0
_c0
526 _a0
_b0
_c0
526 _a0
_b0
_c0
526 _a0
_b0
_c0
526 _a0
_b0
_c0
526 _a0
_b0
_c0
526 _a0
_b0
_c0
526 _a0
_b0
_c0
526 _a0
_b0
_c0
526 _a0
_b0
_c0
526 _a0
_b0
_c0
526 _a0
_b0
_c0
526 _a0
_b0
_c0
526 _a0
_b0
_c0
526 _a0
_b0
_c0
526 _a0
_b0
_c0
526 _a0
_b0
_c0
526 _a0
_b0
_c0
526 _a0
_b0
_c0
526 _a0
_b0
_c0
526 _a0
_b0
_c0
526 _a0
_b0
_c0
526 _a0
_b0
_c0
526 _a0
_b0
_c0
526 _a0
_b0
_c0
526 _a0
_b0
_c0
526 _a0
_b0
_c0
526 _a0
_b0
_c0
526 _a0
_b0
_c0
526 _a0
_b0
_c0
526 _a0
_b0
_c0
526 _a0
_b0
_c0
526 _a0
_b0
_c0
526 _a0
_b0
_c0
526 _a0
_b0
_c0
526 _a0
_b0
_c0
526 _a0
_b0
_c0
526 _a0
_b0
_c0
526 _a0
_b0
_c0
526 _a0
_b0
_c0
526 _a0
_b0
_c0
526 _a0
_b0
_c0
526 _a0
_b0
_c0
526 _a0
_b0
_c0
526 _a0
_b0
_c0
526 _a0
_b0
_c0
526 _a0
_b0
_c0
526 _a0
_b0
_c0
526 _a0
_b0
_c0
526 _a0
_b0
_c0
526 _a0
_b0
_c0
526 _a0
_b0
_c0
526 _a0
_b0
_c0
526 _a0
_b0
_c0
526 _a0
_b0
_c0
526 _a0
_b0
_c0
526 _a0
_b0
_c0
526 _a0
_b0
_c0
526 _a0
_b0
_c0
526 _a0
_b0
_c0
526 _a0
_b0
_c0
526 _a0
_b0
_c0
526 _a0
_b0
_c0
526 _a0
_b0
_c0
526 _a0
_b0
_c0
526 _a0
_b0
_c0
526 _a0
_b0
_c0
526 _a0
_b0
_c0
526 _a0
_b0
_c0
526 _a0
_b0
_c0
526 _a0
_b0
_c0
526 _a0
_b0
_c0
526 _a0
_b0
_c0
526 _a0
_b0
_c0
526 _a0
_b0
_c0
526 _a0
_b0
_c0
526 _a0
_b0
_c0
526 _a0
_b0
_c0
526 _a0
_b0
_c0
526 _a0
_b0
_c0
526 _a0
_b0
_c0
526 _a0
_b0
_c0
526 _a0
_b0
_c0
526 _a0
_b0
_c0
526 _a0
_b0
_c0
526 _a0
_b0
_c0
526 _a0
_b0
_c0
526 _a0
_b0
_c0
526 _a0
_b0
_c0
526 _a0
_b0
_c0
526 _a0
_b0
_c0
526 _a0
_b0
_c0
526 _a0
_b0
_c0
526 _a0
_b0
_c0
526 _a0
_b0
_c0
526 _a0
_b0
_c0
526 _a0
_b0
_c0
526 _a0
_b0
_c0
526 _a0
_b0
_c0
526 _a0
_b0
_c0
526 _a0
_b0
_c0
526 _a0
_b0
_c0
526 _a0
_b0
_c0
526 _a0
_b0
_c0
526 _a0
_b0
_c0
526 _a0
_b0
_c0
526 _a0
_b0
_c0
526 _a0
_b0
_c0
526 _a0
_b0
_c0
526 _a0
_b0
_c0
526 _a0
_b0
_c0
526 _a0
_b0
_c0
526 _a0
_b0
_c0
526 _a0
_b0
_c0
526 _a0
_b0
_c0
526 _a0
_b0
_c0
526 _a0
_b0
_c0
526 _a0
_b0
_c0
526 _a0
_b0
_c0
526 _a0
_b0
_c0
526 _a0
_b0
_c0
526 _a0
_b0
_c0
526 _a0
_b0
_c0
526 _a0
_b0
_c0
526 _a0
_b0
_c0
526 _a0
_b0
_c0
526 _a0
_b0
_c0
526 _a0
_b0
_c0
526 _a0
_b0
_c0
526 _a0
_b0
_c0
526 _a0
_b0
_c0
526 _a0
_b0
_c0
526 _a0
_b0
_c0
526 _a0
_b0
_c0
526 _a0
_b0
_c0
526 _a0
_b0
_c0
526 _a0
_b0
_c0
526 _a0
_b0
_c0
526 _a0
_b0
_c0
526 _a0
_b0
_c0
526 _a0
_b0
_c0
526 _a0
_b0
_c0
526 _a0
_b0
_c0
526 _a0
_b0
_c0
526 _a0
_b0
_c0
526 _a0
_b0
_c0
526 _a0
_b1
_c0
650 _aMCE
_9379
856 4 1 _uhttp://172.25.8.12:8080/browse/book/36
942 _2ddc
_cBK
999 _c542658
_d542658